Culture générale ! Une image... Un des... (45) - Statistiques

Statistiques générales
  • Ce quiz a été pris 412 fois
  • Le résultat moyen est 14 sur 30
Statistiques - réponses
Par images Hint Réponse % Correct
fonctions de l'Eglise Pape
97%
Livre sacré Coran
95%
maladies redoutables Peste
95%
déportées célèbres Anne Franck
85%
capitales du monde Londres
82%
personnages de dessin animé Titi
75%
anciens empire Ottoman
72%
symboles des Hippies (sens) Paix | Peace
72%
desserts italiens Tiramisu
72%
chanteuses américaines Taylor Swift
68%
logos Sega
66%
charcuteries Boudin noir
58%
des fruits Groseilles
56%
personnages de publicité Géant vert
55%
opérations mathématiques Equation
50%
parties du corps humain Vertèbres
42%
régions d'Europe Ecosse
38%
ensembles de musiciens Quartet | Quatuor
37%
personnages de Startrek Spock
36%
insectes destructeurs Termite
36%
épisodes de la Bible Passage de la {mer rouge}
31%
joaillier de luxe Fabergé
22%
pierres Lapis lazuli
17%
fausses pierres Zircon
13%
plantes tropicales Gombo
8%
dynasties royales d'Angleterre York
6%
épouses de président Eva Peron
3%
états américains Missouri
3%
femmes politiques américaines Condoleezza Rice
1%
impératrices de Chine Cixi
0%
Aucun quiz correspondant
Distribution des résultats
% des personnes avec chaque résultat
Percentile par nombre de réponses
Votre historique - résultats
Vous n’avez pas pris ce quiz